UM Logo

Parental involvement, parenting styles and students academic performance of Digos Central Adventist Academy / (Record no. 13925)

MARC details
000 -LEADER
fixed length control field 00646nam a22001577a 4500
008 - FIXED-LENGTH DATA ELEMENTS--GENERAL INFORMATION
fixed length control field 190523b ||||| |||| 00| 0 eng d
082 ## - DEWEY DECIMAL CLASSIFICATION NUMBER
Edition number 2018
Classification number UT 1312
Item number B91
100 ## - MAIN ENTRY--PERSONAL NAME
Personal name Buaya, Rhalna May A.
9 (RLIN) 38775
245 ## - TITLE STATEMENT
Title Parental involvement, parenting styles and students academic performance of Digos Central Adventist Academy /
Statement of responsibility, etc. Rhalna May A. Buaya, Ryzzal Lee C. Lobiano, and Shaira Marez G. Mijares.
260 ## - PUBLICATION, DISTRIBUTION, ETC. (IMPRINT)
Place of publication, distribution, etc. Digos City:
Name of publisher, distributor, etc. UMDC
Date of publication, distribution, etc. October 2018.
300 ## - PHYSICAL DESCRIPTION
Extent 50 pages;
Dimensions 30 cm.
650 ## - SUBJECT ADDED ENTRY--TOPICAL TERM
Topical term or geographic name as entry element Elementary
General subdivision Undergraduate thesis.
9 (RLIN) 38776
700 ## - ADDED ENTRY--PERSONAL NAME
Personal name Lobiano, Ryzzal Lee C.
9 (RLIN) 38777
700 ## - ADDED ENTRY--PERSONAL NAME
Personal name Mijares, Shaira Marez G.
9 (RLIN) 38778
942 ## - ADDED ENTRY ELEMENTS (KOHA)
Source of classification or shelving scheme Dewey Decimal Classification
Koha item type Undergraduate Thesis
Holdings
Withdrawn status Lost status Source of classification or shelving scheme Damaged status Not for loan Home library Current library Date acquired Total Checkouts Full call number Barcode Date last seen Copy number Price effective from Koha item type
    Dewey Decimal Classification     UM Digos College - LIC UM Digos College - LIC 04/23/2019   UT 1312 B91 2018 UT1312 05/23/2019 1 05/23/2019 Undergraduate Thesis